[Event "POL-chT 2nd League"]
[Site "Sypniewo"]
[Date "2021.09.10"]
[Round "7.11"]
[White "Meller, Piotr"]
[Black "Warszawski, Bartosz"]
[Result "1/2-1/2"]
[WhiteElo "2023"]
[BlackElo "2169"]
[PlyCount "104"]
[EventDate "2021.09.04"]
[EventType "team-swiss"]
[EventRounds "9"]
[EventCountry "POL"]
[SourceTitle "CBM 204 Extra"]
[Source "ChessBase"]
[SourceDate "2021.11.30"]
[SourceVersion "1"]
[SourceVersionDate "2021.11.30"]
[SourceQuality "1"]
[WhiteTeam "Olesnica Pogon"]
[BlackTeam "Warszawa YMCA"]
[WhiteTeamCountry "POL"]
[BlackTeamCountry "POL"]

1. Nf3 e6 2. c4 d5 3. g3 Nf6 4. Bg2 Be7 5. d4 0-0 6. 0-0 c5 7. cxd5 exd5 8. Nc3 Nc6 9. Be3 c4 10. Ne5 Qa5 11. Qd2 Rd8 12. Nxc6 bxc6 13. Nxd5 Rxd5 14. Bxd5 Qxd5 15. f3 c5 16. Rfd1 Be6 17. dxc5 Bxc5 18. Bxc5 Qxc5+ 19. Qd4 Qxd4+ 20. Rxd4 Kf8 21. b3 cxb3 22. axb3 Bxb3 23. Rb4 Be6 24. Rba4 Rb8 25. Rxa7 Rb2 26. e4 g5 27. g4 Nd7 28. R7a5 f6 29. Ra7 Ne5 30. R1a3 Bb3 31. Rxh7 Nxf3+ 32. Kh1 Kg8 33. Rh3 Rb1+ 34. Kg2 Nh4+ 35. Kf2 Rb2+ 36. Ke3 Be6 37. Rg3 Rxh2 38. Ra6 Kf7 39. Ra7+ Kg6 40. Ra6 Kf7 41. Ra7+ Ke8 42. Ra6 Ke7 43. Ra7+ Bd7 44. e5 f5 45. Rg1 f4+ 46. Ke4 Re2+ 47. Kd5 Nf3 48. Rh1 Rxe5+ 49. Kc4 Re4+ 50. Kc5 Re5+ 51. Kc4 Re4+ 52. Kc5 Re5+ 1/2-1/2

[Event "Liberec op 11th"]
[Site "Liberec"]
[Date "2010.10.27"]
[Round "5"]
[White "Meller, Piotr"]
[Black "Nielsen, Peter"]
[Result "1-0"]
[WhiteElo "2041"]
[BlackElo "1837"]
[PlyCount "49"]
[EventDate "2010.10.23"]
[EventType "swiss"]
[EventRounds "9"]
[EventCountry "CZE"]
[SourceTitle "EXT 2011"]
[Source "ChessBase"]
[SourceDate "2010.11.26"]
[SourceVersion "1"]
[SourceVersionDate "2010.11.26"]
[SourceQuality "1"]

1. Nf3 c5 2. e4 g6 3. d4 cxd4 4. Qxd4 Nf6 5. e5 Nc6 6. Qa4 Nd5 7. Qe4 e6 8. c4 f5 9. Qe2 Nb6 10. Nc3 d5 11. cxd5 Nxd5 12. Bd2 Be7 13. h4 a6 14. 0-0-0 b5 15. Kb1 Qc7 16. Nxd5 exd5 17. h5 g5 18. Bxg5 Be6 19. Bf4 Rg8 20. Rc1 Qb7 21. g3 Rc8 22. Bg2 Kf7 23. h6 d4 24. Nxd4 Nxd4 25. Qh5+ 1-0

[Event "Liberec op 11th"]
[Site "Liberec"]
[Date "2010.10.26"]
[Round "4"]
[White "Skokan, Frantisek"]
[Black "Meller, Piotr"]
[Result "1-0"]
[WhiteElo "1840"]
[BlackElo "2041"]
[PlyCount "49"]
[EventDate "2010.10.23"]
[EventType "swiss"]
[EventRounds "9"]
[EventCountry "CZE"]
[SourceTitle "EXT 2011"]
[Source "ChessBase"]
[SourceDate "2010.11.26"]
[SourceVersion "1"]
[SourceVersionDate "2010.11.26"]
[SourceQuality "1"]

1. e4 c5 2. Nf3 Nc6 3. d4 cxd4 4. Nxd4 g6 5. Be3 Bg7 6. Nc3 Nf6 7. f3 0-0 8. Qd2 d5 9. Nxc6 bxc6 10. e5 Nd7 11. f4 e6 12. Be2 f6 13. exf6 Nxf6 14. 0-0 Qa5 15. Qd3 Rb8 16. Bd4 Rxb2 17. Nxd5 Rxa2 18. Ne7+ Kf7 19. Rxa2 Qxa2 20. Ra1 Qxa1+ 21. Bxa1 Kxe7 22. Qa3+ Kf7 23. Qxa7+ Kg8 24. Qe7 Nd5 25. Qxg7# 1-0

[Event "Liberec op 11th"]
[Site "Liberec"]
[Date "2010.10.24"]
[Round "2"]
[White "Jaksa, Petr"]
[Black "Meller, Piotr"]
[Result "0-1"]
[WhiteElo "1858"]
[BlackElo "2041"]
[PlyCount "52"]
[EventDate "2010.10.23"]
[EventType "swiss"]
[EventRounds "9"]
[EventCountry "CZE"]
[SourceTitle "EXT 2011"]
[Source "ChessBase"]
[SourceDate "2010.11.26"]
[SourceVersion "1"]
[SourceVersionDate "2010.11.26"]
[SourceQuality "1"]

1. d4 Nf6 2. Nf3 c5 3. d5 b5 4. Bg5 Ne4 5. Bh4 d6 6. e3 Qa5+ 7. Nbd2 Nxd2 8. Qxd2 Qb6 9. h3 h6 10. c4 Ba6 11. Rc1 g5 12. Bg3 Bg7 13. cxb5 Bxb5 14. Bxb5+ Qxb5 15. b3 Nd7 16. e4 a5 17. Qe2 Qb4+ 18. Qd2 Qxe4+ 19. Kd1 0-0 20. Re1 Qf5 21. Rxe7 Nf6 22. Bxd6 Rfd8 23. Bxc5 Nxd5 24. Nd4 Bxd4 25. Bxd4 Nxe7 26. Rc4 Qd5 0-1